000 006700000a22002050004500
020 _a0-88344-478X
041 0 _aENG
082 0 4 _aG 230.046 G9847t
100 1 _aGutiérrez, Gustavo (1928-)
245 1 0 _aA theology of liberation : History, politics and salvation / Gustavo Gutiérrez; Caridad Inda, John Eagleson, Traductores
260 _aMaryknoll, N.Y., USA : Orbis
300 _aXI, 323 Pag
500 _aTítulo original : Teología de la liberación, perspectivas
650 1 4 _aTEOLOGIA DE LA LIBERACION
001 3337
942 _cBK
999 _c34014
_d34014
336 _atexto
_btxt
_2rdacontent
337 _2rdamedia
_asin mediación
_bn
338 _2rdacarrier
_avolumen
_bnc